La función del grupo de los niños de la calle de la ciudad de México /
El trabajo es realizado por un equipo interdisciplinario que ha hecho diversas intervenciones a la población de los niños de la calle, su objetivo principal se basa en caracterizar los modos de vida y comprender el funcionamiento dentro del grupo y el papel que juega en la estructura psíquica de los...
Αποθηκεύτηκε σε:
| Κύριος συγγραφέας: | |
|---|---|
| Άλλοι συγγραφείς: | |
| Μορφή: | Άγνωστο |
| Γλώσσα: | Spanish |
| Θέματα: | |
| Ετικέτες: |
Προσθήκη ετικέτας
Δεν υπάρχουν, Καταχωρήστε ετικέτα πρώτοι!
|
MARC
| LEADER | 00000 a2200000 04500 | ||
|---|---|---|---|
| 001 | 26091 | ||
| 003 | cru CRAI/IIS | ||
| 005 | 20210304151347.0 | ||
| 008 | 210304s2000 ag |||||r|||| 00| 0 spa d | ||
| 999 | |c 10359 |d 10359 | ||
| 040 | |c cru CRAI/IIS | ||
| 090 | |a 14732.27 | ||
| 100 | 1 | |a Taracena, Elvia |9 9859 |e Autora | |
| 245 | 1 | 3 | |a La función del grupo de los niños de la calle de la ciudad de México / |c ElviaTaracena, María Luisa Tavera |
| 300 | |a páginas 419-440 | ||
| 520 | |a El trabajo es realizado por un equipo interdisciplinario que ha hecho diversas intervenciones a la población de los niños de la calle, su objetivo principal se basa en caracterizar los modos de vida y comprender el funcionamiento dentro del grupo y el papel que juega en la estructura psíquica de losjóvenes de la calle que provienen de la zona de Tacuba y de los Indios Verdes. WMV | ||
| 650 | |a PROBLEMAS SOCIALES | ||
| 650 | |a NIÑOS DE LA CALLE | ||
| 650 | |a RELACIONES ENTRE LOS GRUPOS | ||
| 650 | |a MEDIO AMBIENTE HUMANO | ||
| 650 | |a CALIDAD DE LA VIDA | ||
| 650 | |2 Macrothesaurus de la OCDE | ||
| 700 | 1 | |a Tavera, María Luisa |9 9860 | |
| 942 | |2 ddc |c LI | ||
| 773 | 0 | |0 43626 |9 5231 |a Jornadas Internacionales de Investigación Social sobre Infancia y Adolescencia, la Convención de los derechos del Niño y las Prácticas Sociales. |d Córdoba, Argentina : UNICEF; Fundación Antorchas; Fundación INCIDE; Municipalidad de Córdoba ; Colegio de Profesionales de Trabajo Social de Córdoba ; Colegio de Escribanos de la Provincia de Cordoba, 2000 |o sin código |t Ponencias / | |
